[Event "Reggio Emilia"]
[Site "?"]
[Date "1991.??.??"]
[Round "?"]
[White "Karpov, An"]
[Black "Kasparov, Garry"]
[Result "1/2-1/2"]
[WhiteElo "2730"]
[BlackElo "2770"]
[PlyCount "121"]
[EventDate "1991.??.??"]
[Source "ChessBase"]
[SourceDate "1991.10.01"]

1. d4 Nf6 2. c4 g6 3. Nc3 Bg7 4. e4 d6 5. f3 O-O 6. Be3 e5 7. d5 c6 8. Bd3 cxd5 9. cxd5 Nh5 10. Nge2 f5 11. exf5 gxf5 12. O-O Nd7 13. Rc1 Nc5 14. Bc4 a6 15. b4 Nd7 16. a4 Qh4 17. f4 Kh8 18. Qd2 Rg8 19. g3 Bh6 20. Rf2 Nhf6 21. Rg2 Qh3 22. Kh1 Ng4 23. Ng1 Qh5 24. Be2 Ndf6 25. Bb6 Bd7 26. h3 Rae8 27. Rf1 Rg7 28. b5 axb5 29. axb5 Rge7 30. Qb2 exf4 31. gxf4 Qh4 32. Nd1 Bg7 33. Bd4 Ne4 34. Rf3 Rg8 35. Bf1 Bxd4 36. Qxd4+ Reg7 37. Nc3 Qf6 38. Nge2 Qxd4 39. Nxd4 Ngf6 40. Rxg7 Rxg7 41. b6 Nxc3 42. Rxc3 Nxd5 43. Rb3 Nxf4 44. Kh2 Rg6 45. Bb5 Bxb5 46. Rxb5 Rg2+ 47. Kh1 Rd2 48. Nxf5 Kg8 49. Rb4 Nxh3 50. Rc4 Nf2+ 51. Kg1 Nh3+ 52. Kh1 Kf7 53. Rc7+ Ke6 54. Ne3 Ng5 55. Rxb7 h5 56. Rg7 Nf3 57. Rg2 Kd7 58. Rxd2 Nxd2 59. Kg2 Kc6 60. Nf5 Ne4 61. Kh3 1/2-1/2

[Event "Belgrade-Moscow"]
[Site "Belgrade SCG"]
[Date "1974.??.??"]
[Round "5"]
[White "Polugaevsky, Lev A"]
[Black "Gligoric, Svetozar"]
[Result "1/2-1/2"]
[WhiteElo "2630"]
[BlackElo "2585"]
[PlyCount "41"]
[EventDate "1974.11.03"]
[Source "www.chesslib.no"]
[SourceDate "2004.05.04"]

1. c4 g6 2. e4 Bg7 3. d4 d6 4. Nc3 Nf6 5. f3 O-O 6. Be3 e5 7. d5 c6 8. Bd3 cxd5 9. cxd5 Nbd7 10. Nge2 Nh5 11. O-O f5 12. exf5 gxf5 13. Rc1 Ndf6 14. Kh1 Kh8 15. Bg5 Qb6 16. Qc2 f4 17. Qb3 Qxb3 18. axb3 Bd7 19. g4 fxg3 20. hxg3 e4 21. Bxe4 1/2-1/2

[Event "FRA-ch"]
[Site "Aix les Bains"]
[Date "2003.08.27"]
[Round "9"]
[White "Lautier, Joel"]
[Black "Apicella, Manuel"]
[Result "1/2-1/2"]
[WhiteElo "2677"]
[BlackElo "2522"]
[PlyCount "39"]
[EventDate "2003.08.18"]
[Source "ChessBase"]
[SourceDate "2003.11.11"]

1. d4 Nf6 2. c4 g6 3. Nc3 Bg7 4. e4 d6 5. f3 O-O 6. Be3 e5 7. d5 c6 8. Bd3 b5 9. a3 bxc4 10. Bxc4 c5 11. b4 Nbd7 12. Nge2 Ne8 13. O-O f5 14. exf5 gxf5 15. Bb5 Kh8 16. Rb1 cxb4 17. Bc6 bxc3 18. Bxa8 f4 19. Bf2 e4 20. Bd4 1/2-1/2

[Event "Karditsa"]
[Site "Karditsa"]
[Date "1996.??.??"]
[Round "4"]
[White "Alterman, Boris"]
[Black "Kotronias, Vasilios"]
[Result "1/2-1/2"]
[WhiteElo "2585"]
[BlackElo "2610"]
[PlyCount "45"]
[EventDate "1996.03.??"]
[Source "ChessBase"]

1. d4 Nf6 2. c4 g6 3. Nc3 Bg7 4. e4 d6 5. f3 O-O 6. Be3 e5 7. d5 c6 8. Bd3 cxd5 9. cxd5 Nh5 10. Nge2 f5 11. exf5 gxf5 12. O-O Nd7 13. Rc1 Nc5 14. Bb1 a5 15. f4 e4 16. Bd4 Nf6 17. Qd2 b6 18. Nd1 Ba6 19. Ne3 Qd7 20. Rfd1 Rac8 21. Ng3 Ne8 22. Rc3 Bd3 23. Bxg7 1/2-1/2

[Event "Karditsa"]
[Site "?"]
[Date "1996.??.??"]
[Round "4"]
[White "Alterman Boris"]
[Black "Kotronias Vasilios"]
[Result "1/2-1/2"]
[WhiteElo "2585"]
[BlackElo "2610"]
[PlyCount "45"]
[EventDate "1996.??.??"]
[Source "www.chesslib.no"]
[SourceDate "2004.05.04"]

1. d4 Nf6 2. c4 g6 3. Nc3 Bg7 4. e4 d6 5. f3 O-O 6. Be3 e5 7. d5 c6 8. Bd3 cxd5 9. cxd5 Nh5 10. Nge2 f5 11. exf5 gxf5 12. O-O Nd7 13. Rc1 Nc5 14. Bb1 Qa5 15. f4 e4 16. Bd4 Nxf4 17. Qd2 Qa4 18. Qe1 Qa6 19. Be3 Nxd5 20. Rxf5 Qc6 21. Bf2 Rf7 22. Rc2 b5 23. Re5 1/2-1/2

[Event "Bled/Portoroz"]
[Site "Bled"]
[Date "1979.??.??"]
[Round "?"]
[White "Timman, Jan H"]
[Black "Quinteros, Miguel Angel"]
[Result "1-0"]
[WhiteElo "2625"]
[BlackElo "2545"]
[PlyCount "73"]
[EventDate "1979.06.??"]
[Source "ChessBase"]

1. c4 g6 2. d4 Bg7 3. e4 d6 4. Nc3 Nf6 5. f3 O-O 6. Be3 e5 7. d5 c6 8. Bd3 b5 9. cxb5 cxd5 10. exd5 Bb7 11. Nge2 Nbd7 12. Bc2 a6 13. bxa6 Rxa6 14. b4 Nb6 15. Bb3 e4 16. fxe4 Re8 17. Bd4 Nxe4 18. O-O Nxc3 19. Nxc3 Qh4 20. Bxg7 Kxg7 21. a3 Re5 22. Qd2 Nc4 23. Bxc4 Qxc4 24. Rf4 Qb3 25. a4 Ra8 26. Rb1 Qa3 27. a5 Kg8 28. Rd4 Rae8 29. Qb2 Qxb2 30. Rxb2 Rf5 31. Re2 Rc8 32. Re3 Ba6 33. Rd1 Bc4 34. b5 Ra8 35. b6 Kf8 36. Rb1 Ba6 37. Nb5 1-0

[Event "Bern Open"]
[Site "Bern SUI"]
[Date "1994.??.??"]
[Round "8"]
[White "Glek, Igor V"]
[Black "Cvitan, Ognjen"]
[Result "0-1"]
[WhiteElo "2590"]
[BlackElo "2570"]
[PlyCount "102"]
[EventDate "1994.02.??"]
[Source "www.chesslib.no"]
[SourceDate "2004.05.04"]

1. d4 Nf6 2. c4 g6 3. Nc3 Bg7 4. e4 d6 5. f3 O-O 6. Be3 e5 7. d5 c6 8. Bd3 cxd5 9. cxd5 Nh5 10. Nge2 f5 11. exf5 gxf5 12. O-O Nd7 13. Kh1 Nc5 14. Bc2 Kh8 15. f4 b6 16. Qd2 a5 17. Rad1 Bd7 18. fxe5 dxe5 19. g4 fxg4 20. Bxc5 bxc5 21. Qd3 Rxf1+ 22. Rxf1 Qg8 23. Ne4 Rf8 24. Rxf8 Bxf8 25. N2c3 Bf5 26. d6 Nf4 27. Qe3 Bg7 28. Qxc5 Qf8 29. Qf2 Nh3 30. Qe2 Bc8 31. Ba4 Bb7 32. d7 h5 33. Bb5 Bh6 34. Qf1 Bf4 35. Ba6 Ba8 36. Qc4 Bg5 37. Qf1 Bf4 38. Qc4 Bg5 39. Qc8 Bd8 40. Be2 Nf2+ 41. Kg2 Bxe4+ 42. Nxe4 Nxe4 43. Bd3 g3 44. Qc2 Qf2+ 45. Qxf2 Nxf2 46. Be2 gxh2 47. Kxh2 Ng4+ 48. Kg3 Kg7 49. a3 Kf6 50. b4 axb4 51. axb4 Kg5 0-1

[Event "Biel"]
[Site "Biel"]
[Date "1991.??.??"]
[Round "10"]
[White "Christiansen, Larry Mark"]
[Black "Kozul, Zdenko"]
[Result "1-0"]
[WhiteElo "2600"]
[BlackElo "2560"]
[PlyCount "105"]
[EventDate "1991.07.??"]
[Source "ChessBase"]

1. d4 Nf6 2. c4 g6 3. Nc3 Bg7 4. e4 d6 5. f3 O-O 6. Be3 e5 7. d5 c6 8. Bd3 cxd5 9. cxd5 Ne8 10. Qd2 f5 11. exf5 gxf5 12. Nge2 Nd7 13. O-O Kh8 14. Kh1 a6 15. Rac1 b5 16. Bg5 Bf6 17. Bh6 Bg7 18. Bxg7+ Nxg7 19. f4 Nb6 20. Ng3 e4 21. Be2 Qf6 22. Nd1 Bd7 23. Ne3 Rfc8 24. b3 h6 25. Rfd1 Rxc1 26. Rxc1 Rc8 27. Rxc8+ Bxc8 28. Bd1 Bb7 29. Kg1 Kh7 30. Nh5 Nxh5 31. Bxh5 Qh4 32. Bf7 Qxf4 33. Qd4 Nc8 34. Be6 Ne7 35. g3 Qg5 36. Kg2 Bc8 37. h4 Qh5 38. Qf6 Bxe6 39. dxe6 Qf3+ 40. Kh2 Nd5 41. Qf7+ Kh8 42. Qf8+ Kh7 43. e7 Qf2+ 44. Ng2 Nxe7 45. Qxe7+ Kg8 46. Qxd6 Qxa2 47. Qg6+ Kf8 48. Qxf5+ Ke7 49. Qxe4+ Kd6 50. b4 Qb2 51. Qg6+ Kc7 52. Qxh6 Qxb4 53. Qg7+ 1-0

[Event "Struga (zt)"]
[Site "?"]
[Date "1995.??.??"]
[Round "?"]
[White "Alterman, B."]
[Black "Milov, V."]
[Result "1-0"]
[WhiteElo "2575"]
[BlackElo "2580"]
[PlyCount "71"]
[EventDate "1995.??.??"]
[Source "ChessBase"]
[SourceDate "1995.02.01"]

1. d4 Nf6 2. c4 g6 3. Nc3 Bg7 4. e4 d6 5. f3 O-O 6. Be3 e5 7. d5 c6 8. Bd3 cxd5 9. cxd5 Nh5 10. Nge2 f5 11. exf5 gxf5 12. O-O Nd7 13. Rc1 Nc5 14. Bb1 a5 15. f4 Qe8 16. fxe5 Bxe5 17. Qd2 Bd7 18. Rf3 b5 19. Rcf1 b4 20. Nd1 Ng7 21. Nd4 Qg6 22. Nc6 Bxc6 23. dxc6 Qe6 24. Nf2 Rac8 25. Ng4 fxg4 26. Rxf8+ Rxf8 27. Bxh7+ Kxh7 28. Rxf8 Ne4 29. Qc2 d5 30. c7 Bxc7 31. Qxc7 Nc3 32. Bd2 Ne2+ 33. Kf2 Nd4 34. Be3 Ndf5 35. Qf4 Qe7 36. Rxf5 1-0

[Event "Vidra Memorial"]
[Site "Pref Vidra Memorial"]
[Date "1995.??.??"]
[Round "?"]
[White "Alterman, Boris"]
[Black "Milov, Vadim"]
[Result "1/2-1/2"]
[WhiteElo "2575"]
[BlackElo "2580"]
[PlyCount "43"]
[EventDate "1995.??.??"]
[Source "www.chesslib.no"]
[SourceDate "2004.05.04"]

1. d4 Nf6 2. c4 g6 3. Nc3 Bg7 4. e4 d6 5. f3 O-O 6. Be3 e5 7. d5 c6 8. Bd3 cxd5 9. cxd5 Nbd7 10. Nge2 Nh5 11. O-O f5 12. exf5 Ndf6 13. Rc1 Bh6 14. Kh1 Bxf5 15. Bg5 Qd7 16. Na4 e4 17. Qd2 Rac8 18. Nac3 Rc6 19. Bb1 Nxd5 20. Nxd5 Ra6 21. Rc8 Rxa2 22. Re8 1/2-1/2

[Event "URS Spartakiad"]
[Site "URS"]
[Date "1979.??.??"]
[Round "?"]
[White "Balashov, Yuri S"]
[Black "Kochyev, Alexander"]
[Result "1/2-1/2"]
[WhiteElo "2600"]
[BlackElo "2545"]
[PlyCount "51"]
[EventDate "1979.??.??"]
[Source "ChessBase"]

1. c4 g6 2. e4 Bg7 3. d4 d6 4. Nc3 e5 5. d5 Nf6 6. f3 O-O 7. Be3 c6 8. Bd3 b5 9. Qd2 b4 10. Nd1 a5 11. Nf2 Na6 12. Rd1 Nc5 13. Be2 cxd5 14. cxd5 Bd7 15. Bc4 Rc8 16. Rc1 Nh5 17. Ne2 f5 18. exf5 gxf5 19. O-O Qf6 20. b3 Kh8 21. Nd3 Nxd3 22. Bxd3 Qf7 23. Bc4 Qg6 24. Bd3 Qf7 25. Bc4 Qg6 26. Bd3 1/2-1/2

[Event "Sonnevanck-A"]
[Site "Wijk aan Zee NED"]
[Date "1995.??.??"]
[Round "4"]
[White "Rogers, Ian"]
[Black "Kotronias, Vasilios"]
[Result "1/2-1/2"]
[WhiteElo "2570"]
[BlackElo "2570"]
[PlyCount "80"]
[EventDate "1995.02.??"]
[Source "www.chesslib.no"]
[SourceDate "2004.05.04"]

1. d4 Nf6 2. c4 g6 3. Nc3 Bg7 4. e4 d6 5. f3 O-O 6. Be3 e5 7. d5 c6 8. Bd3 cxd5 9. cxd5 Nh5 10. Nge2 f5 11. exf5 gxf5 12. O-O Nd7 13. Kh1 Ndf6 14. Qc2 e4 15. Bc4 Nd7 16. f4 Nb6 17. Bb3 Bd7 18. Nd4 Qh4 19. Qf2 Qxf2 20. Rxf2 Rfc8 21. g4 fxg4 22. Nxe4 Re8 23. Ne6 Rxe6 24. dxe6 Bc6 25. Kg1 Bxe4 26. Rd1 d5 27. Bxb6 axb6 28. Bxd5 Bxd5 29. Rxd5 Nf6 30. Rd1 Bf8 31. Kg2 Bc5 32. Rfd2 Rxa2 33. h3 Ra4 34. f5 gxh3+ 35. Kxh3 Rf4 36. Rd7 Rxf5 37. Rf7 Rh5+ 38. Kg2 Rg5+ 39. Kh3 Rh5+ 40. Kg2 Rg5+ 1/2-1/2

[Event "Novgorod op"]
[Site "Novgorod"]
[Date "1999.03.21"]
[Round "3"]
[White "Volzhin, Alexander"]
[Black "Dolmatov, Sergey"]
[Result "1/2-1/2"]
[WhiteElo "2548"]
[BlackElo "2589"]
[PlyCount "66"]
[EventDate "1999.03.19"]
[Source "ChessBase"]
[SourceDate "1999.05.10"]

1. d4 Nf6 2. c4 g6 3. Nc3 Bg7 4. e4 d6 5. f3 O-O 6. Be3 e5 7. d5 c6 8. Bd3 cxd5 9. cxd5 Nh5 10. Nge2 f5 11. exf5 gxf5 12. O-O Nd7 13. Qc2 Nc5 14. Bc4 Bd7 15. b4 Qh4 16. Bb5 a6 17. Bxc5 axb5 18. Bxd6 Rfc8 19. g3 Qf6 20. Bc5 b6 21. Be3 f4 22. Bd2 Bf5 23. Qb3 Qg6 24. Ne4 Bxe4 25. fxe4 Nf6 26. Rad1 Nxe4 27. Kh1 Rc2 28. d6+ Kh8 29. Qd5 Rd8 30. gxf4 Nxd2 31. Rxd2 Rxd2 32. Qxd2 Rxd6 33. Qc3 Qe6 1/2-1/2

[Event "IBM"]
[Site "Amsterdam"]
[Date "1974.??.??"]
[Round "13"]
[White "Knaak, Rainer"]
[Black "Geller, Efim P"]
[Result "1-0"]
[WhiteElo "2515"]
[BlackElo "2610"]
[PlyCount "79"]
[EventDate "1974.??.??"]
[Source "ChessBase"]

1. d4 Nf6 2. c4 g6 3. Nc3 Bg7 4. e4 d6 5. f3 O-O 6. Be3 e5 7. d5 c6 8. Bd3 b5 9. dxc6 bxc4 10. Bxc4 Nxc6 11. Nge2 Be6 12. Bb3 Qb8 13. O-O Rd8 14. Kh1 Qb7 15. Nd5 Bxd5 16. Bxd5 Nxd5 17. Qxd5 Qxb2 18. Qxc6 Qxe2 19. Bg5 Rac8 20. Qb7 Rc2 21. Rg1 Rdc8 22. Qxa7 h6 23. Be3 R2c7 24. Qb6 Rc6 25. Rge1 Qc4 26. Qa5 Ra6 27. Qd2 Rca8 28. Rec1 Qe6 29. Rc2 h5 30. h3 Ra4 31. Rb2 Kh7 32. Kh2 Bf8 33. Bg5 Rd4 34. Qe3 d5 35. Rb7 Bg7 36. Qb3 Ra6 37. Rf1 Rd6 38. Re7 Qc8 39. Rxf7 Rd7 40. Rc1 1-0

[Event "Novgorod Open"]
[Site "Novgorod RUS"]
[Date "1995.??.??"]
[Round "5"]
[White "Ibragimov, Ildar"]
[Black "Graf, Alexander"]
[Result "1/2-1/2"]
[WhiteElo "2520"]
[BlackElo "2605"]
[PlyCount "146"]
[EventDate "1995.05.??"]
[Source "www.chesslib.no"]
[SourceDate "2004.05.04"]

1. d4 Nf6 2. c4 g6 3. Nc3 Bg7 4. e4 d6 5. f3 O-O 6. Be3 e5 7. d5 c6 8. Bd3 b5 9. a3 bxc4 10. Bxc4 Nfd7 11. Nge2 Nb6 12. Ba2 Ba6 13. O-O c5 14. b4 N8d7 15. Re1 Qe7 16. Na4 Rfc8 17. bxc5 Bxe2 18. Rxe2 dxc5 19. d6 Qf6 20. Rc1 Rc6 21. Rd2 Rac8 22. Nxb6 Rxb6 23. Qa4 Rcc6 24. Qxa7 Qd8 25. Bc4 Rxd6 26. Rcd1 Rd4 27. Bxd4 exd4 28. f4 g5 29. Rf2 gxf4 30. Rxf4 Ne5 31. Rxf7 Nxf7 32. Qxf7+ Kh8 33. e5 Rc6 34. e6 Rc7 35. Qf5 Qf6 36. Rf1 Qxf5 37. Rxf5 d3 38. Bxd3 c4 39. Bc2 Re7 40. Rd5 Bb2 41. Rd8+ Kg7 42. Bf5 Bxa3 43. Rc8 Kf6 44. g4 h5 45. Rxc4 hxg4 46. Bxg4 Bd6 47. h3 Rc7 48. Re4 Rc2 49. Kf1 Rb2 50. Re3 Be7 51. Rd3 Rc2 52. Rd7 Rb2 53. Rd5 Kg7 54. Rf5 Bf6 55. Rf4 Ra2 56. Be2 Rd2 57. Rc4 Be7 58. Kf2 Rb2 59. Rf4 Bf6 60. Kf3 Rb1 61. Bc4 Rh1 62. Kg2 Re1 63. Kf2 Re5 64. h4 Rh5 65. Rg4+ Kf8 66. Kg3 Ke7 67. Kf3 Rh8 68. Re4 Rd8 69. Kg4 Rd4 70. Rxd4 Bxd4 71. Kf5 Bc3 72. h5 Bd4 73. h6 Bc3 1/2-1/2

[Event "Hastings ENG"]
[Site "Hastings ENG"]
[Date "1974.??.??"]
[Round "?"]
[White "Timman, Jan Hein"]
[Black "Gligoric, Svetozar"]
[Result "1-0"]
[WhiteElo "2540"]
[BlackElo "2585"]
[PlyCount "62"]
[EventDate "1974.??.??"]
[Source "www.chesslib.no"]
[SourceDate "2004.05.04"]

1. d4 Nf6 2. c4 g6 3. Nc3 Bg7 4. e4 d6 5. f3 O-O 6. Be3 c6 7. Bd3 e5 8. Nge2 Nbd7 9. d5 Nc5 10. Bc2 cxd5 11. cxd5 a5 12. O-O Bd7 13. a3 Nh5 14. Rb1 f5 15. exf5 gxf5 16. f4 Qe7 17. fxe5 Bxe5 18. Qd2 a4 19. Bg5 Qg7 20. Bh6 Qg4 21. h3 Qg6 22. Bxf8 Rxf8 23. Rf3 Kh8 24. Rbf1 Rg8 25. R1f2 Ne4 26. Nxe4 fxe4 27. Re3 Qg5 28. Bxe4 Bxh3 29. Rf7 Bg7 30. Qc1 Ng3 31. Rxg3 Qxc1+ 1-0

[Event "Geneve op"]
[Site "Geneve"]
[Date "1996.??.??"]
[Round "6"]
[White "Razuvaev, Yuri S"]
[Black "Cvitan, Ognjen"]
[Result "1/2-1/2"]
[WhiteElo "2580"]
[BlackElo "2540"]
[PlyCount "74"]
[EventDate "1996.01.??"]
[Source "ChessBase"]

1. d4 Nf6 2. c4 g6 3. Nc3 Bg7 4. e4 d6 5. f3 O-O 6. Be3 e5 7. d5 c6 8. Qd2 cxd5 9. cxd5 Nbd7 10. Bd3 Nh5 11. Nge2 f5 12. exf5 gxf5 13. O-O Nc5 14. Bc4 a6 15. b4 Nd7 16. Rac1 Qh4 17. Ne4 Qe7 18. Bg5 Ndf6 19. N4g3 Qe8 20. Bd3 Nxg3 21. Nxg3 f4 22. Nf5 Bxf5 23. Bxf5 Qh5 24. Be6+ Kh8 25. Bxf6 Bxf6 26. Rc7 Rab8 27. Rd7 Rfd8 28. Rf7 Rf8 29. Rxf8+ Rxf8 30. Qf2 Qe8 31. Qb6 Qb8 32. Rc1 Bd8 33. Qf2 Bc7 34. Qh4 Bb6+ 35. Kf1 Qe8 36. a3 Qb5+ 37. Ke1 Qd3 1/2-1/2

[Event "Debrecen"]
[Site "?"]
[Date "1992.??.??"]
[Round "?"]
[White "Vyzmanavin, A."]
[Black "Kozul, Z."]
[Result "1-0"]
[WhiteElo "2580"]
[BlackElo "2540"]
[PlyCount "67"]
[EventDate "1992.??.??"]
[Source "ChessBase"]
[SourceDate "1992.10.01"]

1. d4 Nf6 2. c4 g6 3. Nc3 Bg7 4. e4 d6 5. f3 O-O 6. Be3 e5 7. d5 c6 8. Bd3 cxd5 9. cxd5 Ne8 10. Qd2 f5 11. exf5 gxf5 12. Nge2 Nd7 13. O-O Kh8 14. Kh1 Nc7 15. f4 Nb6 16. fxe5 Bxe5 17. Nf4 Ne8 18. Rf3 Nf6 19. Raf1 Qe8 20. h3 Bd7 21. Qf2 Rg8 22. Bd4 Bxd4 23. Qxd4 Qe5 24. Qf2 Rae8 25. Qh4 Qe7 26. Qh6 Rg7 27. R3f2 Qf7 28. Ne6 Rg6 29. Qh4 Nfxd5 30. Rxf5 Qxe6 31. Rf7 h6 32. Bxg6 Qxg6 33. Nxd5 Nxd5 34. Rxd7 1-0

[Event "Pula PCA Open"]
[Site "Pula CRO"]
[Date "1994.??.??"]
[Round "?"]
[White "Savchenko, Stanislav"]
[Black "Kozul, Zdenko"]
[Result "0-1"]
[WhiteElo "2540"]
[BlackElo "2575"]
[PlyCount "62"]
[EventDate "1994.10.??"]
[Source "www.chesslib.no"]
[SourceDate "2004.05.04"]

1. d4 Nf6 2. c4 g6 3. Nc3 Bg7 4. e4 d6 5. f3 O-O 6. Be3 e5 7. d5 c6 8. Bd3 cxd5 9. cxd5 Ne8 10. Qd2 f5 11. exf5 gxf5 12. Nge2 Nd7 13. O-O Kh8 14. Kh1 Ndf6 15. Bg5 Nc7 16. Ng3 f4 17. Nf5 Qd7 18. g4 Nfxd5 19. Nxd5 Nxd5 20. Be4 Rxf5 21. gxf5 Ne3 22. f6 Bf8 23. Rg1 Qf7 24. Rae1 Be6 25. Rxe3 fxe3 26. Qxe3 Rc8 27. Rc1 Rxc1+ 28. Qxc1 d5 29. Bb1 Qh5 30. Qe3 h6 31. Qxe5 Qxf3+ 0-1

[Event "Bucharest Super"]
[Site "?"]
[Date "1996.??.??"]
[Round "?"]
[White "Savchenko Stanislav"]
[Black "Nikolaidis Ioannis"]
[Result "1/2-1/2"]
[WhiteElo "2585"]
[BlackElo "2530"]
[PlyCount "33"]
[EventDate "1996.??.??"]
[Source "www.chesslib.no"]
[SourceDate "2004.05.04"]

1. d4 Nf6 2. c4 g6 3. Nc3 Bg7 4. e4 d6 5. f3 O-O 6. Be3 e5 7. d5 c6 8. Bd3 b5 9. a3 Ba6 10. cxb5 cxd5 11. bxa6 d4 12. Bd2 dxc3 13. Bxc3 Nc6 14. Nh3 d5 15. Nf2 dxe4 16. fxe4 Qb6 17. O-O 1/2-1/2

[Event "Biel op"]
[Site "Biel"]
[Date "1992.??.??"]
[Round "4"]
[White "Rogers, Ian"]
[Black "Cvitan, Ognjen"]
[Result "1/2-1/2"]
[WhiteElo "2565"]
[BlackElo "2550"]
[PlyCount "37"]
[EventDate "1992.07.??"]
[Source "ChessBase"]

1. d4 Nf6 2. c4 g6 3. Nc3 Bg7 4. e4 d6 5. f3 O-O 6. Be3 e5 7. d5 c6 8. Qd2 cxd5 9. cxd5 a6 10. Bd3 Nh5 11. Nge2 f5 12. exf5 gxf5 13. O-O Nd7 14. f4 Kh8 15. fxe5 Nxe5 16. Nf4 Nxf4 17. Bxf4 Bd7 18. Kh1 Rc8 19. Be2 1/2-1/2

[Event "Elenite"]
[Site "Elenite"]
[Date "1992.??.??"]
[Round "5"]
[White "Razuvaev, Yuri S"]
[Black "Kotronias, Vasilios"]
[Result "0-1"]
[WhiteElo "2565"]
[BlackElo "2550"]
[PlyCount "108"]
[EventDate "1992.??.??"]
[Source "ChessBase"]

1. d4 Nf6 2. c4 g6 3. Nc3 Bg7 4. e4 d6 5. f3 O-O 6. Be3 e5 7. d5 c6 8. Bd3 cxd5 9. cxd5 Nh5 10. Nge2 f5 11. exf5 gxf5 12. O-O Nd7 13. Qd2 Nc5 14. Bc4 Bd7 15. b4 Na4 16. Nxa4 Bxa4 17. b5 a6 18. bxa6 bxa6 19. Rab1 Nf6 20. Bg5 Qc7 21. Rfc1 Qa7+ 22. Kh1 Bb5 23. Bxb5 axb5 24. Nc3 Qd4 25. Rxb5 Rfc8 26. Rbb1 f4 27. Qxd4 exd4 28. Bxf6 dxc3 29. Bxg7 Kxg7 30. Rc2 Rab8 31. Re1 Rb2 32. Rcc1 Rd2 33. Kg1 Rxd5 34. Kf2 Kf6 35. Rc2 Rd4 36. g3 d5 37. gxf4 Rxf4 38. Ke3 Ke5 39. Kd3+ Kd6 40. Rf2 h5 41. Ree2 h4 42. Re1 Rc5 43. Rg1 d4 44. Rg4 Rcf5 45. Rxf4 Rxf4 46. Kc4 Kc6 47. a4 Kb6 48. Ra2 Ka5 49. Ra1 Rxf3 50. Kxd4 c2 51. Kc4 Rh3 52. Rf1 Rxh2 53. Kb3 Rf2 54. Re1 h3 0-1

[Event "Pula CRO"]
[Site "Pula CRO"]
[Date "1994.??.??"]
[Round "?"]
[White "Savchenko, Stanislav"]
[Black "Kozul, Zdenko"]
[Result "0-1"]
[WhiteElo "2540"]
[BlackElo "2575"]
[PlyCount "62"]
[EventDate "1994.??.??"]
[Source "www.chesslib.no"]
[SourceDate "2004.05.04"]

1. d4 Nf6 2. c4 g6 3. Nc3 Bg7 4. e4 d6 5. f3 O-O 6. Be3 e5 7. d5 c6 8. Bd3 cxd5 9. cxd5 Ne8 10. Qd2 f5 11. exf5 gxf5 12. Nge2 Nd7 13. O-O Kh8 14. Kh1 Ndf6 15. Bg5 Nc7 16. Ng3 f4 17. Nf5 Qd7 18. g4 Nfxd5 19. Nxd5 Nxd5 20. Be4 Rxf5 21. gxf5 Ne3 22. h3 h6 23. Kg1 Nc2 24. Rae1 Na3 25. Re3 Qf7 26. Qb4 Nb5 27. Ra1 fxe3 28. a4 Na3 29. Qxb7 e2 30. Qa6 Qf8 31. Bc6 Qf7 0-1

[Event "Biel Open"]
[Site "Biel SUI"]
[Date "1994.??.??"]
[Round "8"]
[White "Savchenko, Stanislav"]
[Black "Cvitan, Ognjen"]
[Result "0-1"]
[WhiteElo "2540"]
[BlackElo "2570"]
[PlyCount "70"]
[EventDate "1994.07.??"]
[Source "www.chesslib.no"]
[SourceDate "2004.05.04"]

1. d4 Nf6 2. c4 g6 3. Nc3 Bg7 4. e4 d6 5. f3 O-O 6. Be3 e5 7. d5 c6 8. Bd3 cxd5 9. cxd5 Nh5 10. Nge2 f5 11. exf5 gxf5 12. O-O Nd7 13. Kh1 Nc5 14. Bc2 a5 15. a3 Bd7 16. Rb1 Kh8 17. b4 axb4 18. axb4 Na6 19. Qd2 Qe8 20. f4 Rc8 21. fxe5 dxe5 22. d6 Qg6 23. Ba4 Nb8 24. Bxd7 Nxd7 25. Qd3 e4 26. Qb5 Ne5 27. Rbd1 Ng4 28. Bb6 Rxc3 29. Nxc3 Ng3+ 30. Kg1 Nxf1 31. Qxf1 Bxc3 32. Qc4 Be5 33. Qc5 Bxh2+ 34. Kf1 Bf4 35. Qc3+ Be5 0-1

[Event "Biel Open"]
[Site "Biel SUI"]
[Date "1994.??.??"]
[Round "6"]
[White "Adianto, Utut"]
[Black "Cvitan, Ognjen"]
[Result "1-0"]
[WhiteElo "2535"]
[BlackElo "2570"]
[PlyCount "59"]
[EventDate "1994.07.??"]
[Source "www.chesslib.no"]
[SourceDate "2004.05.04"]

1. d4 Nf6 2. c4 g6 3. Nc3 Bg7 4. e4 d6 5. f3 O-O 6. Be3 e5 7. d5 c6 8. Qd2 cxd5 9. cxd5 a6 10. Bd3 Nh5 11. Nge2 f5 12. exf5 gxf5 13. O-O Qe8 14. Kh1 Kh8 15. Rac1 Nd7 16. Bxf5 Rxf5 17. g4 Rf8 18. gxh5 Qxh5 19. Ng3 Qg6 20. Nce4 Nf6 21. Nxf6 Bxf6 22. Ne4 Bh3 23. Rg1 Qh5 24. Qe2 Be7 25. Rc7 Rae8 26. Bg5 Bxg5 27. Nxg5 Bf5 28. Rxb7 Rc8 29. Qxa6 Bg4 30. Nf7+ 1-0

[Event "6. EICC"]
[Site "?"]
[Date "2005.06.29"]
[Round "11"]
[White "Del Rio Angelis Salvador G"]
[Black "Kozul Zdenko"]
[Result "1/2-1/2"]
[WhiteElo "2495"]
[BlackElo "2591"]
[PlyCount "130"]
[EventDate "2005.??.??"]
[Source "www.chesslib.no"]
[SourceDate "2004.05.04"]

1. d4 Nf6 2. c4 g6 3. Nc3 Bg7 4. e4 d6 5. f3 O-O 6. Be3 e5 7. d5 c6 8. Bd3 cxd5 9. cxd5 Ne8 10. Qd2 f5 11. exf5 gxf5 12. Nge2 Nd7 13. O-O Kh8 14. f4 Nb6 15. Ng3 e4 16. Be2 Nf6 17. a4 Bd7 18. a5 Nc8 19. Bd4 Ne7 20. Rfd1 Be8 21. Nf1 h5 22. Ne3 Kh7 23. Qe1 Bh6 24. Qf2 a6 25. Bc4 Bd7 26. Bb6 Qc8 27. Bb3 Rg8 28. Nc4 Ng6 29. Ne2 Qf8 30. Ne3 Rc8 31. Rac1 Qf7 32. Rxc8 Rxc8 33. g3 Ne7 34. Kh1 Bg7 35. Nc4 Qg6 36. Ne3 Ng4 37. Nxg4 Qxg4 38. Rd2 Bb5 39. Bd1 Qg6 40. Nd4 Bc4 41. Ne6 Bxd5 42. Ng5+ Qxg5 43. Rxd5 Qg6 44. Rd2 Nc6 45. Qe2 Nb4 46. Qxh5+ Qxh5 47. Bxh5 d5 48. Bf7 d4 49. Bxd4 Bxd4 50. Rxd4 Rc1+ 51. Kg2 Rc2+ 52. Kf1 Rxb2 53. Be6 Kg6 54. g4 fxg4 55. Rxe4 Nc6 56. Bxg4 Rxh2 57. Rc4 Rb2 58. Bd7 Ne7 59. Re4 Nd5 60. Bc8 Kf6 61. Re6+ Kf7 62. Rd6 Nxf4 63. Rd7+ Kf6 64. Bxb7 Ke5 65. Bxa6 Ra2 1/2-1/2

[Event "Goodricke op"]
[Site "Calcutta"]
[Date "1997.??.??"]
[Round "5"]
[White "Levitt, Jonathan"]
[Black "Ehlvest, Jaan"]
[Result "0-1"]
[WhiteElo "2440"]
[BlackElo "2635"]
[PlyCount "88"]
[EventDate "1997.02.??"]
[Source "ChessBase"]

1. d4 g6 2. e4 Bg7 3. c4 d6 4. Nc3 Nf6 5. f3 O-O 6. Be3 e5 7. d5 c6 8. Bd3 cxd5 9. cxd5 Ne8 10. Qd2 f5 11. Nge2 a6 12. O-O-O Nd7 13. Kb1 Nb6 14. Rc1 Bd7 15. Rc2 Nc8 16. Rhc1 Rb8 17. Nd1 b5 18. b4 Nb6 19. Nb2 Nf6 20. h3 fxe4 21. fxe4 Nbxd5 22. exd5 e4 23. Bxb5 Rxb5 24. Nf4 a5 25. bxa5 Qa8 26. a4 Rxa5 27. Bb6 Ra6 28. a5 Rb8 29. Rc6 e3 30. Qb4 Bf5+ 31. Ka2 Rbxb6 32. Rxb6 Rxa5+ 33. Kb3 Nd7 34. Rb7 Ra3+ 35. Qxa3 Qxb7+ 36. Ka2 Nc5 37. h4 Be5 38. g3 Bxf4 39. gxf4 Qxd5+ 40. Nc4 Bd3 41. Qb4 e2 42. Ka3 Bxc4 43. Qb8+ Kg7 44. Qb2+ Kh6 0-1